APPLE 2 für Technik und Wissenschaft

Enregistré dans:
Détails bibliographiques
Auteur principal: Drewes, Rolf
Format: Livre
Langue:allemand
Publié: Düsseldorf DATA BECKER 1984
Édition:1. Aufl.
Sujets:
Tags: Ajouter un tag
Pas de tags, Soyez le premier à ajouter un tag!

MARC

LEADER 00000nam a2200000 4500
001 c019097
005 20221207074418.2
020 |a 3-89011-028-2 
041 0 |a ger 
044 |a DE 
245 1 0 |a APPLE 2 für Technik und Wissenschaft  |c Rolf Drewes 
250 |a 1. Aufl. 
264 1 |a Düsseldorf  |b DATA BECKER  |c 1984 
300 |a 268 s. 
610 2 0 |a jazyky programovacie 
610 2 0 |a programovanie 
610 2 0 |a programy počítačové 
610 2 0 |a softvér 
610 2 0 |a grafika počítačová 
610 2 0 |a spracovanie dát automatické 
610 2 0 |a veda 
610 2 0 |a technika 
610 2 0 |a APPLE 2 
100 1 |a Drewes, Rolf